000 00855nam a22002057a 4500
005 20230628151721.0
008 s2542 th tha d
020 _a9743327312
041 _atha
050 _aP306 ว267ท 2542
100 0 _aวรรณา แสงอร่ามเรือง
245 1 0 _aทฤษฎีและหลักการแปล
260 3 _aกรุงเทพฯ :
_bโครงการตำรา คณะอักษรศาสตร์ จุฬาลงกรณ์มหาวิทยาลัย,
_c2542
300 _a291 หน้า ;
_b 26 ซม.
650 0 4 _aการแปลและการตีความ
850 _aNALT
942 _cGB
_06
997 _c000000000008930
998 _aBENJALUCK SUTTHIWILAI
_j111
_k นางสาวพจพิณ พรมเอี่ยม
999 _c8930
_d8930